Redes familiares y vecinales para el cuidado de niños y niñas (Record no. 191808)

MARC details
000 -CABECERA
campo de control de longitud fija 01885nab a2200277 a 4500
005 - FECHA Y HORA DE LA ÚLTIMA TRANSACCIÓN
campo de control 20250303111906.0
008 - ELEMENTOS DE LONGITUD FIJA--INFORMACIÓN GENERAL
campo de control de longitud fija 991125c2017 ck fr p o 000 0 spa d
035 ## - NÚMERO DE CONTROL DEL SISTEMA
Número de control de sistema UPN01000219709
040 ## - FUENTE DE LA CATALOGACIÓN
Centro catalogador/agencia de origen UPN
Lengua de catalogación spa
Centro/agencia transcriptor UPN
Normas de descripción aacr2
049 ## - COLECCIÓN
Colección ART-E
100 1# - ASIENTO PRINCIPAL--NOMBRE PERSONAL
Nombre de persona Gomez Santa, Gloria Mercedes
Enlace - gloria.gomez@upb.edu.co
100 1# - ASIENTO PRINCIPAL--NOMBRE PERSONAL
Nombre de persona Agudelo Bedoya, Maria Eugenia
245 10 - MENCIÓN DE TÍTULO
Título Redes familiares y vecinales para el cuidado de niños y niñas
Medio [recurso electrónico en línea]
506 0# - NOTA DE RESTRICCIONES AL ACCESO
Limitaciones de acceso Acceso abierto
520 3# - NOTA DE RESUMEN, ETC.
Sumario, etc. Se parte de la pregunta por identificar el uso de las redes familiares y vecinales en el cuidado de niños y niñas menores de 12 años, a través de un estudio cualitativo en el que se entrevistan 70 cuidadoras y cuidadores de familias en la ciudad de Medellín. Como fundamentos teóricos se acude a los conceptos de cuidado, redes familiares y redes vecinales. Los principales hallazgos muestran el uso preponderante de las redes familiares a diferencia del poco uso de las redes vecinales para el cuidado de niños y niñas, concluyendo que, en este grupo poblacional consultado, las familias son soporte en el cumplimiento de las funciones del cuidado basado en vínculos de solidaridad y apoyo mutuo. Con respecto a las redes vecinales hay una marcada desconfianza hacia los vecinos para delegar funciones de esta naturaleza, lo cual obedece a inestabilidad en los lugares de residencia que dificulta la generación de redes.
650 #4 - ASIENTO SECUNDARIO DE MATERIA - TERMINO TEMATICO
9 (RLIN) 8936
Término de materia o nombre geográfico como elemento de entrada Interacción social
650 #2 - ASIENTO SECUNDARIO DE MATERIA - TERMINO TEMATICO
9 (RLIN) 25389
Término de materia o nombre geográfico como elemento de entrada Bienestar infantil
653 0# - TERMINO DE INDIZACION - NO CONTROLADO
Término no controlado Cuidado infantil
653 0# - TERMINO DE INDIZACION - NO CONTROLADO
Término no controlado Redes familiares
653 0# - TERMINO DE INDIZACION - NO CONTROLADO
Término no controlado Entorno familiar
773 ## - ENLACE AL DOCUMENTO FUENTE/ENTRADA DE REGISTRO ANFITRIÓN
Parte(s) relacionada(s) Vol. 16, no. 1 (2017), p. 60-71
Título Infancias imagenes
Número Internacional Normalizado para Publicaciones Seriadas 1657-9089
856 4# - LOCALIZACIÓN Y ACCESO ELECTRÓNICOS
Identificador Uniforme del Recurso <a href="http://revistas.udistrital.edu.co/ojs/index.php/infancias/article/view/11457/12947">http://revistas.udistrital.edu.co/ojs/index.php/infancias/article/view/11457/12947</a>
902 ## - ELEMENTOS DE DATOS B LOCAL, LDB (RLIN)
Creó Gloria Jiménez/0824
905 ## - TIPO DE MATERIAL
Tipo de material Articulo
942 ## - ELEMENTOS DE PUNTO DE ACCESO ADICIONAL (KOHA)
Tipo de ítem Koha Artículo Electrónico
Holdings
Estado de retiro Estado de pérdida Estado dañado No para préstamo Código de colección Localización permanente Ubicación/localización actual Ubicación en estantería Fecha de adquisición Total de préstamos Fecha visto por última vez Identificador Uniforme del Recurso Precio válido a partir de Tipo de ítem Koha
        Acceso abierto Bib. Gregorio Torres Quintero Bib. Gregorio Torres Quintero En línea 01/08/2024   01/08/2024 https://revistas.udistrital.edu.co/index.php/infancias/article/view/11457/12947 01/08/2024 Artículo Electrónico